000 00755nam a2200253 a 4500
001
003 DO-SdBNP
005 20220203093349.0
008 090917s1999 dr 000 0 spa d
040 _aDO-SdBNP
_bspa
_cBPMSU
082 _a330.7
_bM672i 1999
_222
100 1 _aMiranda, Ignacio
245 1 0 _aIntroducción a la economía :
_bconceptos, métodos y sistemas /
_cIgnacio Miranda.
250 _a7a. ed. corr. y aum.
260 _aSanto Domingo :
_bFundación Humanismo Integral,
_c1999.
300 _a286 p. :
_b22 cm.
590 _aInventariado, 2022/VM
650 4 _aEconomía
_xEnseñanza
650 4 _aEconometría
_v
650 4 _aEconomía
_vConceptos
650 4 _aSistemas económicos
910 _a VMateo V.
942 _2ddc
_cBK
999 _c14001
_d14001